Simple science experiments with everyday materials (Record no. 12174)
[ view plain ]
| 000 -LEADER | |
|---|---|
| fixed length control field | 00566nam a22002057a 4500 |
| 003 - CONTROL NUMBER IDENTIFIER | |
| control field | OSt |
| 005 - DATE AND TIME OF LATEST TRANSACTION | |
| control field | 20140310182343.0 |
| 008 - FIXED-LENGTH DATA ELEMENTS--GENERAL INFORMATION | |
| fixed length control field | 130313t xxu||||| |||| 00| 0 eng d |
| 020 ## - INTERNATIONAL STANDARD BOOK NUMBER | |
| International Standard Book Number | 0806957646 |
| 050 ## - LIBRARY OF CONGRESS CALL NUMBER | |
| Classification number | Q164 |
| Item number | .M26 1996 |
| 082 ## - DEWEY DECIMAL CLASSIFICATION NUMBER | |
| Classification number | Q164 |
| Item number | .M26 1996 |
| 245 ## - TITLE STATEMENT | |
| Title | Simple science experiments with everyday materials |
| Statement of responsibility, etc | Muriel Mandell ; illustrated by Frances Zweifel |
| 260 ## - PUBLICATION, DISTRIBUTION, ETC. (IMPRINT) | |
| Place of publication, distribution, etc | New York |
| Name of publisher, distributor, etc | Sterling Pub. Co. |
| Date of publication, distribution, etc | 1996 |
| 300 ## - PHYSICAL DESCRIPTION | |
| Extent | 128 p. |
| Dimensions | 21 cm |
| 521 ## - TARGET AUDIENCE NOTE | |
| Target audience note | Grade 6 |
| 526 ## - STUDY PROGRAM INFORMATION NOTE | |
| Reading level | 860L-920L |
| 541 ## - IMMEDIATE SOURCE OF ACQUISITION NOTE | |
| -- | 1 |
| 562 ## - COPY AND VERSION IDENTIFICATION NOTE | |
| Number of copies | 1 |
| 942 ## - ADDED ENTRY ELEMENTS (KOHA) | |
| Source of classification or shelving scheme | Library of Congress Classification |
| Koha item type | |
| Call number prefix | |
| Withdrawn status | Lost status | Source of classification or shelving scheme | Damaged status | Home library | Current library | Shelving location | Date acquired | Total Checkouts | Full call number | Barcode | Date last seen | Date checked out | Copy number | Price effective from | Koha item type |
|---|---|---|---|---|---|---|---|---|---|---|---|---|---|---|---|
| Library of Congress Classification | Luxembourg Library | Luxembourg Library | Grade School Section | 09/27/2013 | 1 | Q 164 .M26 1996 | 4804 | 02/17/2015 | 07/22/2014 | 1 | 09/27/2013 | Books |